[Event "Karlsruhe Grenke op"]
[Site "Karlsruhe"]
[Date "2016.03.28"]
[Round "8"]
[White "Shirov, Alexei"]
[Black "Bluebaum, Matthias"]
[Result "0-1"]
[WhiteElo "2685"]
[BlackElo "2605"]
[Annotator "Skembris,S"]
[PlyCount "82"]
[EventDate "2016.03.24"]
[EventType "swiss"]
[EventRounds "9"]
[EventCountry "GER"]
[SourceTitle "CBM 172"]
[Source "ChessBase"]
[SourceDate "2016.05.12"]
[SourceVersion "1"]
[SourceVersionDate "2016.05.12"]
[SourceQuality "1"]

{The following game played in round 8 was the critical one for the final
tournament winner.} 1. e4 e6 2. d4 d5 3. e5 c5 4. c3 Qb6 5. Nf3 Nc6 6. a3 {
Shirov's pet line against the French Defence.} f6 $5 {This is rare. More
common moves are 6...c4 ,6...Bd7, 6 ...a5.} (6... c4 7. Nbd2 Bd7 8. b3 cxb3 9.
Nxb3 Na5 10. Nxa5 Qxa5 11. Bd2 Ne7 12. Bd3 Qc7 13. Ng5 h6 14. Nh7 $16 Rxh7 15.
Bxh7 g6 16. h4 Bb5 17. h5 $18 {1-0 Shirov,A (2709)-Savchenko,B (2596)/St
Petersburg 2014/ CBM 162 Extra (33)}) (6... Bd7 7. b4 cxd4 8. cxd4 Rc8 9. Bb2
Nh6 10. Nc3 Be7 11. Na4 Qd8 12. Nc5 $14 {1-0 Shirov,A (2685)-Wegerle,J (2438)/
Germany 2014/ CBM 159 (40)}) (6... a5 7. Bd3 Bd7 8. O-O cxd4 9. cxd4 Nxd4 10.
Nxd4 Qxd4 11. Nc3 Qb6 12. Qg4 $13 {1/2-1/2 Shirov,A (2746)-Anand,V (2762)/New
Delhi/Teheran 2000/CBM 080/ [Ftacnik,L] (33)}) 7. b4 c4 $5 $132 {Both players
seem to be following their preparation.} (7... fxe5 8. bxc5 Qa5 9. Bd2 e4 10.
Ng5 Nf6 11. Be2 Be7 12. Bh5+ $2 (12. f3 $5 $44) 12... g6 $17 {0-1 Shirov,A 
(2675)-Dubov,D (2629)/ Moscow 2014/CBM 164 Extra (51)}) 8. Bf4 Nge7 $5 $146 {
Here Black tried a new interesting idea.} (8... a5 9. Nbd2 Nge7 10. h4 $132 {
with a double-edged game in Shirov's style.}) 9. h4 fxe5 $5 10. dxe5 (10. Nxe5
Nxe5 11. Bxe5 a5 12. Nd2 Nc6 $36 13. Bg3 $140 axb4 14. axb4 Rxa1 15. Qxa1 Nxb4
16. cxb4 Bxb4 17. Be5 c3 18. Qa4+ Bd7 $1 $19 {This wins in a tactical way.} ({
The safer-looking} 18... Ke7 19. Bb5 $140 cxd2+ 20. Ke2 Qa5 21. Qxa5 Bxa5 22.
Ra1 b6 $15 {leads only to a small black plus.}) 19. Qa8+ Ke7 20. Qxh8 c2 $1 21.
Qxg7+ Ke8 $3 {The only move.} ({After} 21... Kd8 $4 22. Qg8+ Be8 23. Bf6+ {
White wins, eg} Be7 (23... Kc7 24. Qxh7+ Kb8 25. Qxc2 $18) 24. Bxe7+ Kd7 (24...
Kxe7 25. Qxh7+ $18 {X c2}) 25. Ba3 Qb1+ 26. Ke2 Qd1+ (26... c1=Q 27. Nxb1 $18)
27. Ke3 Qe1+ 28. Be2 Qxh1 $140 29. Bb5+ $18) 22. Qg8+ $140 Bf8 {and soon Black
will get a new queen. Of course, after} 23. Be2 c1=Q+ 24. Bd1 {Black has to
stop White from castling with} Bb5 $3 $19 (24... Qb4 25. O-O $132) 25. Bg7 $140
Qd6 26. Bxf8 Qxf8 27. Qxe6+ Qe7) (10. Bxe5 $5 $44) 10... a5 $1 {Now Black
starts to take control over the game.} 11. Nbd2 axb4 (11... Qa6 $5 $15 12. Nb3
$140 Nf5 13. g4 Nh6 14. Nfd4 Nxd4 15. Qxd4 b6) 12. axb4 Rxa1 13. Qxa1 Ng6 14.
Bg3 Qc7 {This is a very critical moment.} 15. b5 $44 (15. Qa8 $6 b5 $1 16. h5
$140 Ngxe5 17. Nxe5 Nxe5 $1 $17 18. Nf3 $140 Nxf3+ 19. gxf3 Qb7) (15. Qa4 $1
$132 b5 $140 (15... Kf7 16. Ng5+ Kg8 17. f4 $132 {X e5}) 16. Qxb5 Bd7 17. Qa6
Be7 $44 18. h5 (18. b5 Nb8 19. Qa4 O-O 20. Be2 Bc5 $44) 18... Ngxe5 19. h6 $1
$36 g5 $8 20. Be2 Bf6 $13) 15... Ncxe5 16. Nxe5 Nxe5 17. b6 Qb8 18. Bxc4 $1 $44
Bd6 ({After} 18... dxc4 {White gets the better game. Let's look at some lines:}
19. O-O $1 $14 (19. Nxc4 $6 Nd3+ $132 20. Kd2 $1 (20. Ke2 Nf4+ 21. Kf3 e5 $15
22. Nxe5 $140 Qxe5 23. Re1 Qxe1 24. Qxe1+ Ne6) 20... Nf4 ({After} 20... e5 21.
Qa7 Bd6 22. Qxb8 Bxb8 23. Kxd3 Bf5+ 24. Ke3 {White is nearly winning}) 21. Qa7
Bd6 $8 22. Kc2 O-O $1 (22... e5 $2 23. Bxf4 Bf5+ 24. Kb2 $18 O-O (24... exf4
25. Rd1 $18 Bc7 $140 (25... Be5 26. Rd5 $18) 26. Qa5) 25. Rd1 $18) 23. Rd1 $140
Bc7 $1 24. Qa5 $11 (24. Ra1 $2 e5 $1 25. bxc7 $140 Qxc7 $19) 24... Bd8 25. Qa7
Bc7 $11) 19... Bd6 $140 20. Ne4 O-O 21. Rd1 Nf3+ 22. gxf3 Bxg3 23. fxg3 $1 {
X f4.} (23. Nxg3 $2 Qf4 $17) 23... Qe5 (23... Rxf3 $2 24. Rd8+ $18 Kf7 (24...
Rf8 25. Qd1 $18) 25. Rxc8 Rxg3+ 26. Kh2 Qxc8 27. Nd6+ $18) 24. Qa4 $14 Rxf3
$140 25. Qxc4 Rf8 (25... Rxg3+ 26. Nxg3 Qxg3+ 27. Kf1 Qh3+ 28. Ke2 $18) 26. Rd2
) 19. Bb5+ Bd7 20. Bxe5 {Maybe here Shirov overestimated his chances.} ({
A better try is} 20. Bxd7+ $1 Nxd7 (20... Kxd7 $2 21. c4 $18) 21. Bxd6 Qxd6 22.
Qa8+ Qb8 23. Qa3 Kf7 (23... Qe5+ 24. Kd1 $14) 24. O-O Nxb6 $140 25. Rb1 $44)
20... Bxe5 21. Qa4 Bxb5 22. Qxb5+ Ke7 23. O-O Qd6 {The smoke has cleared and
now if White cannot do something against the position of the black king he
will have to defend an inferior game.} (23... Rc8 $5 {taking the c-file} 24. c4
$140 Qd6 (24... Bh2+ 25. Kh1 Bf4 26. Nf3 Rxc4 27. Re1 Qd6 28. g3 $44) 25. cxd5
$140 ({Of course with} 25. Re1 Rc5 {White can transpose to the game.}) 25...
Qxd5 $17) 24. c4 Rc8 25. Re1 $1 {The shaky position of the black king offers
White a lot of compensation.} Rc5 26. Qb1 {Enough to balance the position.} ({
More to my style would be} 26. Qb3 {where White could just offer the c-pawn
instead of the whole knight, to get compensation.} Bf4 $140 27. Nf3 Rxc4 28.
Qb2 d4 (28... Kf8 29. g3 $132) 29. Qb5 $44 {and the resulting position has a
lot of play for both sides.}) 26... Bc3 $1 {Very cool!} 27. Qxh7 {Typical
Shirov.} ({After} 27. Qc2 Bxd2 28. Qxd2 Rxc4 29. Qg5+ Kf8 {White stays a pawn
down without any serious threats.}) 27... Bxd2 28. Qxg7+ Kd8 29. Ra1 Qe7 30.
Qe5 $2 {Looks active but this is a mistake.} ({After} 30. Qh8+ $1 Kd7 31. Qa8
$44 {White still has compensation, eg} Kc6 32. Qc8+ Kxb6 33. Rb1+ Ka7 34. Rxb7+
Qxb7 35. Qxc5+ {with a likely draw.}) 30... Rxc4 $19 {Now with tactics Black
gains the time to consolidate his position.} 31. g3 Bc3 32. Ra8+ Kd7 33. Qe2
Bd4 34. Rb8 Kc6 35. h5 Kxb6 36. h6 Qc7 37. Rg8 Rc2 38. Qxe6+ Ka7 39. Qxd5 Bxf2+
40. Kf1 Bb6 {The time trouble is over and now it's the white king which cannot
avoid the mating threats.} 41. Rg7 Rf2+ {Nice game and a brave choice by the
young German!} 0-1

[Event "Balkaniad 17th"]
[Site "Heraklion"]
[Date "1985.10.??"]
[Round "4"]
[White "Ulker, Ates"]
[Black "Skembris, Spyridon"]
[Result "0-1"]
[WhiteElo "2305"]
[BlackElo "2430"]
[Annotator "Skembris,S"]
[PlyCount "86"]
[EventDate "1985.10.20"]
[EventType "team-tourn"]
[EventRounds "5"]
[EventCountry "GRE"]
[SourceTitle "EXT 2020"]
[Source "ChessBase"]
[SourceDate "2019.10.17"]
[SourceVersion "1"]
[SourceVersionDate "2019.10.17"]
[SourceQuality "1"]
[WhiteTeam "Turkey"]
[BlackTeam "Greece"]
[WhiteTeamCountry "TUR"]
[BlackTeamCountry "GRE"]

1. e4 e6 2. d4 d5 3. e5 c5 4. c3 Nc6 5. Nf3 Bd7 6. a3 Qb6 7. b4 cxd4 8. cxd4
Rc8 9. Bb2 Nxb4 $1 (9... Na5 10. Nbd2 Nc4 11. Nxc4 dxc4 12. Rc1 a5 13. Nd2 axb4
14. Nxc4 Rxc4 15. Bxc4 bxa3 16. Bc3 Qc6 17. Be2 Ne7 18. O-O Nd5 19. Ba5 Be7 20.
Rxc6 Bxc6 21. Qb3 O-O 22. Bb5 {1-0 (22) Tseitlin,M (2430)-Jussupow,A (2570)
Minsk/Riga 1984}) 10. axb4 Qxb4+ 11. Qd2 Rc2 12. Bc3 $2 (12. Ba3 Qxd2+ (12...
Qb3 13. Qe3 Bb4+ 14. Bxb4 (14. Nbd2 Rc3 15. Nxb3 Rxe3+ 16. Kd1 Rxb3 $17)) 13.
Nbxd2 Bxa3 14. Rxa3 Rc1+ 15. Ke2 Bb5+ (15... Ne7 16. Rxa7) (15... a6 16. Ke3
Ne7 17. Nb3 Rb1 18. Nfd2 $18) 16. Ke3) 12... Qb3 13. Bd3 $146 (13. Qe3 Nh6 14.
Nfd2 (14. Be2 Nf5 15. Qd3 Rc1+ 16. Bd1 Bb5 17. Qd2 (17. O-O Bxd3 18. Bxb3 Rxf1#
)) 14... Rc1+ {0-1 (14) Baxter,J-Sloma,S Canada 1957}) (13. Qd3 Rc1+ 14. Ke2
Bb5) 13... Rxd2 14. Nfxd2 Qb6 15. O-O (15. Ba5 Qb2) 15... Bb4 $15 16. Bxb4 Qxb4
17. Rxa7 Ne7 18. Ra8+ Nc8 19. Rc1 O-O 20. Nf3 Nb6 21. Rxf8+ Qxf8 22. h4 h6 23.
Rc3 Bc6 24. Nbd2 Qa8 25. Rb3 Nc4 (25... h5) 26. Nxc4 dxc4 27. Bxc4 Qa4 $1 28.
Nd2 Qa1+ 29. Bf1 Qxd4 30. Nf3 Qa1 31. Re3 b5 32. Re1 Qc3 33. Re3 Qc5 34. Bd3 b4
35. Kh2 b3 36. Bb1 Bd5 37. Nd2 Qc1 38. Rd3 Kf8 39. f3 (39. Rd4) 39... Qe1 40.
Kh3 g5 41. hxg5 hxg5 42. g3 Kg7 $1 43. Kg4 Kh6 0-1

[Event "ESP-chT"]
[Site "Cala Galdana"]
[Date "1994.??.??"]
[Round "?"]
[White "Campora, Daniel Hugo"]
[Black "Speelman, Jonathan S"]
[Result "0-1"]
[WhiteElo "2560"]
[BlackElo "2600"]
[Annotator "Speelman,J"]
[PlyCount "66"]
[EventDate "1994.??.??"]
[EventType "team"]
[EventRounds "9"]
[EventCountry "ESP"]
[SourceTitle "CBM 043"]
[Source "ChessBase"]
[SourceDate "1994.12.01"]
[SourceVersion "1"]
[SourceVersionDate "1994.12.01"]
[SourceQuality "1"]

1. e4 e6 2. d4 d5 3. e5 c5 4. c3 Nc6 5. Nf3 Bd7 6. dxc5 $5 Bxc5 7. Bd3 f6 8.
Qe2 (8. b4) (8. Bf4 fxe5 9. Nxe5 Qf6 10. Nxd7 (10. Qh5+ g6 $19) 10... Bxf2+ $1)
8... fxe5 9. Nxe5 (9. b4 $5 e4 10. bxc5 exf3 11. gxf3 $5 (11. Qxf3 Nf6 {
and both ...e5 and ...Ne5 are in the air.}) 11... Nf6) 9... Nxe5 10. Qxe5 Nf6
11. O-O (11. Be3) 11... O-O 12. Be3 {Here White offered a draw.} (12. Nd2 Qe7
13. Nf3 Bd6 $1) 12... Bb6 $1 13. Bd4 (13. Bxb6 Qxb6 14. Qe2 e5 $1) (13. c4)
13... Bc7 14. Qg5 (14. Qe2 Qb8 (14... e5 $5 15. Bxe5 Ng4 16. Bxc7 (16. Bg3 Bxg3
17. hxg3 Qg5 18. f3 Rae8 19. Qd2 Ne3 20. Re1 $2 (20. g4 h5) 20... Rxf3 $1 21.
gxf3 Qxg3+ 22. Kh1 Re5 $19) 16... Qxc7 17. g3 Rae8 {with a serious lead in
development and an attack}) 15. f4 (15. h3 e5) 15... Bxf4 16. g3 (16. Rxf4 Qxf4
17. Nd2 e5 $5) 16... Bd6 17. Bxf6 gxf6 $19) 14... h6 15. Qh4 e5 16. Bc5 e4 17.
Be2 (17. Bxf8 $2 Qxf8 18. Be2 g5) 17... Rf7 18. f4 $2 (18. Nd2) 18... Rc8 $1
19. Be3 Bb6 20. Qf2 Bxe3 21. Qxe3 Bg4 $1 22. Bb5 (22. Nd2 d4 23. cxd4 Bxe2 (
23... Nd5 24. Qxe4 Re7 25. Bxg4) 24. Qxe2 Qxd4+ 25. Kh1 Rc2 $19) (22. Na3 d4 (
22... Bxe2 23. Qxe2 Qb6+ 24. Kh1 e3 {same as the game except that Black
doesn't control b5 - but this means that} 25. Nb5 $1 {is possible - now or
later}) 23. cxd4 Nd5 24. Qxe4 Bxe2 (24... Re7 25. Qxe7 Nxe7 26. Bxg4 Qxd4+ 27.
Rf2 $1 (27. Kh1 Rc5 $19 {xNa3})) 25. Qxe2 Nxf4 26. Qd2 Qxd4+ 27. Qxd4 Ne2+ 28.
Kh1 Rxf1+ (28... Nxd4) 29. Rxf1 Nxd4 {Black is better - but how much I'm not
sure}) 22... Qa5 23. Na3 a6 24. Be2 Bxe2 (24... d4 25. cxd4 Nd5 26. Qxe4 Re7
27. Qxe7 Nxe7 28. Bxg4) 25. Qxe2 Qb6+ 26. Kh1 e3 (26... d4 27. cxd4 Qxd4 28.
Rad1 Qb4 29. Nb1 $1) 27. Rad1 $2 (27. Rf3 Re8 (27... Ne4 28. Kg1 (28. Rxe3 Rxf4
) (28. h3 Rxf4 29. Qxe3 Qxe3 30. Rxe3 Rf2 $17) 28... Nd2 29. Rxe3 Re8 30. Re1
Rfe7)) 27... Ne4 $1 28. Rxd5 (28. Rd4 Nd2) 28... Nf2+ 29. Kg1 Rxf4 30. Rd4 $6 (
30. g3 Rcf8 $1) 30... Rxd4 31. cxd4 (31. Qxe3 Nh3+ $1 32. Kh1 Rf4) 31... Qxd4
32. Nc2 Qxb2 33. Qxe3 Rxc2 $19 {The resignation was slightly premature though
White is quite lost.} (33... Rxc2 34. Qe6+ Kh8 (34... Kh7 35. Qf5+ g6 36. Qf7+
Qg7 37. Qf3 Rxa2 38. Rxf2 $19) 35. Qf5 Rd2 $1 (35... Qxa2 $2 36. Re1) 36. Qf8+
Kh7 37. Qf5+ g6 38. Qf7+ Qg7 39. Qf4 Nh3+ $1 40. gxh3 Rxa2 {wins trivially.})
0-1

[Event "Selestat op 19th"]
[Site "Selestat"]
[Date "2012.03.09"]
[Round "3"]
[White "Lerch, Patrice"]
[Black "Sumets, Andrey"]
[Result "0-1"]
[WhiteElo "2362"]
[BlackElo "2587"]
[Annotator "Sumets,A"]
[PlyCount "78"]
[EventDate "2012.03.09"]
[EventType "swiss"]
[EventRounds "7"]
[EventCountry "FRA"]
[SourceTitle "EXT 2013"]
[Source "ChessBase"]
[SourceDate "2012.11.22"]
[SourceVersion "1"]
[SourceVersionDate "2012.11.22"]
[SourceQuality "1"]

{In third round I played against a not very young FM from France whom I had
never met before. According to Mega Base his main weapon against the French
defense was 1 e4 e6 2 Nf3 d5 3 e5 c5 4 b4. I have decided to comment this game
because of relatively good result that my opponent achieved in this tournament.
He won his last game against GM N Ninov and took 2 prize. So it appears that I
won the tournament due to this game.} 1. e4 e6 2. d4 d5 3. e5 c5 4. c3 Nc6 5.
Nf3 Bd7 6. Be2 Rc8 {[%emt 0:00:11] I tried to avoid drawish lines as 6... Nge7
7 Na3 cd 8 cd Nf5 9 Nc2 Nb4 10 Nb4 Bb4 11 Bd2.} 7. O-O a6 $5 {A good line for
a player who likes sharp positions.} 8. Na3 $5 cxd4 9. cxd4 Bxa3 10. bxa3 Nge7
({After} 10... Na5 $5 {Black won 2 games, but perhaps this move is not so
strong.} 11. Rb1 Bc6 12. Bd3 {[%emt 0:00:12] I would recommend a4} (12. a4 $5
Qd7 $6 (12... Ne7 13. Bd3 h6 14. h4 {transposition to the game Kononenko D -
Korobov A}) 13. Qd2 Nc4 14. Qg5 Kf8 15. Nd2) 12... h6 13. Ne1 (13. Nd2 Ne7 14.
Qg4 Kf8 {Zhigalko S - Zherebukh Y Aeroflot Open A 2012}) 13... Nc4 14. Qg4 Kf8)
11. Rb1 Na5 12. Bd3 h6 13. Bd2 $5 $146 {During the game I underestimated this
move. Let's see White's others opportunities.} (13. a4 $1 {I consider this
move as the strongest in this position} O-O (13... Bc6 14. h4 $1 Nc4 15. h5 O-O
$2 {Kononenko D - Korobov A UKR-ch 2008} (15... Qd7 $6 16. Nh4 $1 O-O (16...
Bxa4 $2 17. Qg4 Kf8 (17... Kd8 18. Qxg7 Kc7 19. Bxh6) 18. f4 f5 19. exf6 gxf6
20. f5 e5 21. Ng6+ Nxg6 22. Qxg6 Qf7 23. Rxb7 $1 Qxb7 24. Qxf6+ Kg8 25. Rf3 Rh7
26. Bxh6 $18) 17. Bxh6 $1 gxh6 18. Qf3 {White's attack is very dangerous. For
example} Nd2 19. Qf6 Nxf1 20. Qxh6 Ng6 21. Rxf1 Qe7 22. hxg6 f6 23. Re1) 16.
Bc2 f5 17. exf6 Rxf6 18. Qd3 $16 Kf8 19. Ne5 (19. Re1 $1) 19... Qc7 (19... Nxe5
$5 20. dxe5 Rf5 21. g4 Rf7 22. Qh7 Ke8 23. Ba3) 20. f4) (13... O-O) 14. Ba3 (
14. h4 $5) 14... Re8 (14... Bc6 15. Bc2 $1 Nc4 (15... Re8 16. Qd3 Ng6 17. h4
Nc4 18. Bc5 b6 19. h5 $6 (19. Bb4 $5 a5 20. h5 axb4 21. hxg6 f6 22. exf6 Qxf6
23. Rxb4 $14 {with better chances}) (19. Bd6 Bb7 20. h5 Nxd6 21. hxg6 Ne4 22.
gxf7+ Kxf7 23. Rb2 Rc3 24. Qe2 Qc7 25. Rfb1 $14) 19... bxc5 20. hxg6 f6 21.
exf6 Qxf6 22. dxc5 e5) 16. Qd3 g6 17. Bc1 Kh7 18. h4 Nf5 19. h5 Rg8 20. g3 $40
{with attack}) 15. Bc5 Rc6 16. Qd2 Nc8 17. Bc2 b6 18. Bb4 Nc4 19. Qd3 g6 {
Dimitrov P - Drashko Bled Open A 2008}) (13. Ne1 Bb5 $5 $146 (13... Bc6 14. Qg4
Kf8 15. h4 (15. Bd2 $6 Nc4 16. Bb4 a5 17. Bc5 $2 Nd2) (15. Nc2 Bb5) (15. Nf3 $5
Nc4 16. Rb3) 15... Qd7 16. h5 Bb5 {with a solid position Haznedaroglu K -
Berescu A Mediterranean open A 2008}) 14. Bxb5+ axb5 15. Rxb5 b6 16. Nc2 O-O
17. Ne3 Nc4 {Black should be OK}) (13. g3 {with a clear idea to play Nh4, Qg4
and f4} Bc6 (13... O-O $5 14. Nh4 Bb5 15. Bxb5 axb5 16. Rxb5 b6 17. Qg4 Kh8 18.
f4 Qd7 19. Rb1 (19. Rxb6 Qa7) 19... Nc4) 14. Nh4 Nc4 15. Qg4 Kf8 16. f4 Bb5 17.
Rb3 Qb6 18. Nf3 Qc6) 13... Nec6 $6 {I was confused by the new move that I had
not considered as the best way. I can't recommend ...Nc6 at all.} (13... Bc6)
14. Ne1 {Too complicated.} (14. a4 $1 O-O 15. Qe2 {now I don't see a normal
plan} f6 {that was my idea} (15... Qe7 16. Rfc1) 16. exf6 Qxf6 17. Rfc1 $16)
14... O-O 15. Bc2 $6 {A strange move. My opponent spent around 1 hour for this
move. So he had serious time troubles after 20 moves. Why not Qg4? It looks
more natural and strong.} (15. Qg4 $1 f5 16. exf6 Qxf6 (16... Rxf6 17. Nf3 e5
18. Qh5) 17. Nf3) 15... f6 16. f4 Rc7 17. g4 $2 {A premature move.} (17. Kh1 $5
Nc4 18. Bc1 {with the idea to play Rb3 and Rg3 or Rh3.}) 17... Nc4 (17... fxe5
$5 18. fxe5 (18. dxe5 Nc4 19. Bc1 Qe7 20. Qd3 g5 $1 21. Qg6+ Qg7) (18. Bxa5
Nxa5 19. dxe5 Rc3 {prevent Qd3}) 18... Rxf1+ 19. Kxf1 Nc4 20. Bc1 Qh4) 18. Bc1
Be8 19. Rb3 Ne7 {I spent plenty of time for this move. So I had the same time
troubles as my opponent.} (19... fxe5 $1 20. dxe5 Qe7 21. Qd3 g5) (19... Qa8 $6
20. exf6 Rxf6 21. g5 hxg5 22. fxg5 Rxf1+ 23. Kxf1 Qa7 24. g6 (24. Nf3 Bh5)
24... Nxd4 (24... Qxd4 $4 25. Qh5 Qe5 26. Bg5 Nd2+ 27. Kf2) 25. Qh5 Nxb3 26.
Qh7+ Kf8 27. Qh8+ Ke7 28. Qxg7+ Kd8 29. Bg5+ Kc8 30. Qf8) 20. exf6 Rxf6 21. Qe2
$6 (21. Nd3 b6 22. Ne5 Ba4 (22... Nxe5 $5 23. dxe5 Rf8) 23. Qd3 g6 24. Rc3)
21... Na5 22. Re3 $2 Bb5 $19 23. Bd3 Rxc1 {Black has one piece advantage and
game was continued only because of mutual time trouble.} 24. Bxb5 axb5 25. Rxe6
Rxe6 26. Qxe6+ Kh8 27. f5 Ng8 28. Nd3 Rc6 29. Qe2 Qb6 30. Rf4 Nc4 31. h4 Qd8
32. Qh2 Qe7 33. Rf3 Qe4 34. Qf4 Nf6 35. g5 Qxf4 36. Nxf4 Ne4 37. gxh6 Rxh6 38.
Nxd5 Rxh4 39. Nc7 Ncd2 0-1

[Event "Vaxjo Visma GM"]
[Site "Vaxjo"]
[Date "2014.06.25"]
[Round "1"]
[White "Smerdon, David"]
[Black "Andersen, Mads"]
[Result "0-1"]
[WhiteElo "2519"]
[BlackElo "2466"]
[Annotator "Svane,R"]
[PlyCount "110"]
[EventDate "2014.06.25"]
[EventType "tourn"]
[EventRounds "9"]
[EventCountry "SWE"]
[EventCategory "10"]
[SourceTitle "CBM 161 Extra"]
[Source "ChessBase"]
[SourceDate "2014.08.29"]
[SourceVersion "1"]
[SourceVersionDate "2014.08.29"]
[SourceQuality "1"]

1. e4 e6 2. d4 d5 3. e5 c5 4. c3 Nc6 5. Nf3 Bd7 6. Be2 Nge7 7. O-O Ng6 8. g3
Be7 9. h4 cxd4 10. cxd4 O-O 11. h5 Nh8 12. Bf4 f6 13. Kg2 Be8 14. Rh1 Nf7 15.
Nc3 fxe5 16. dxe5 d4 17. Nb1 Nfxe5 $1 18. Bxe5 d3 {Das war seine Idee, die in
der Partie hervorragend funktionierte.} 19. Qxd3 (19. Bxg7 $1 {war der
richtige Zug. Nicht leicht zu verstehen, die Idee ist aber wohl, dass nach der
Partiefortsetzung jetzt der Bauer auf g7 fehlt.}) 19... Qxd3 20. Bxd3 Rxf3 $1
21. Kxf3 Nxe5+ 22. Ke2 Bc6 23. Nd2 Rd8 24. Be4 Bb4 $19 {Schwarz gewinnt das
Haus.} 25. Nf3 ({Nach} 25. Rhd1 {folgt} Bb5+ 26. Ke1 Nc4 $19) 25... Nxf3 26.
Kxf3 Rd3+ 27. Ke2 Bxe4 28. f3 Rd2+ 29. Ke3 Bc2 30. Rh4 Ba5 31. b4 Rd3+ 32. Ke2
Bb6 33. Rc1 Re3+ 34. Kd2 Ba4 35. Rc8+ Kf7 36. Rf4+ Ke7 37. Rg8 Ra3 38. Rxg7+
Kd6 39. Rf8 Be3+ 40. Ke1 Rxa2 41. Rxb7 Kc6 42. Rfb8 a6 43. Rxh7 Bf2+ 44. Kf1
Bb5+ 45. Rxb5 axb5 46. g4 Be3 47. Rf7 Kd5 48. Ke1 Kc4 49. f4 Kd3 50. Rd7+ Bd4
51. Kf1 Rf2+ 52. Kg1 Rxf4+ 53. Kh2 Rxg4 54. Kh3 Rg1 55. Kh4 Ke4 0-1

[Event "Bonn GSK"]
[Site "Bonn"]
[Date "1995.??.??"]
[Round "9"]
[White "Slobodjan, Roman"]
[Black "Wintzer, Joachim"]
[Result "1-0"]
[WhiteElo "2465"]
[BlackElo "2335"]
[Annotator "Von Gleich,A"]
[PlyCount "55"]
[EventDate "1995.??.??"]
[EventType "tourn"]
[EventRounds "11"]
[EventCountry "GER"]
[EventCategory "8"]
[SourceTitle "CBM 045"]
[Source "ChessBase"]
[SourceDate "1995.04.01"]
[SourceVersion "1"]
[SourceVersionDate "1995.04.01"]
[SourceQuality "1"]

1. e4 {Knaak} e6 2. d4 d5 3. e5 c5 4. c3 Nc6 5. Nf3 Qb6 6. a3 c4 {Knaak: Die
alte Hauptvariante. Schwarz legt sich zu früh fest. Weiß kann mit der
offensichtlichen Schwäche b3 gut leben und hat gleich zwei Pläne: 1. Das sehr
langfristige Spiel. Alle eventuellen schwarzen Möglichkeiten auf dem Feld b3
oder mittels f7-f6 bzw. g7-g5 werden schon im voraus entschärft. Letztlich
kann Weiß auf seinen Raumvorteil bauen. 2. Das auch in dieser Partie zu
beobachtende Spiel am Damenflügel, welches bei genauem schwarzen Spiel nicht
durchschlagen sollte.} 7. Nbd2 Na5 8. Be2 Bd7 9. O-O Ne7 10. Re1 h6 11. Qc2 (
11. Rb1 O-O-O 12. b4 cxb3 13. c4 dxc4 14. Nxc4 Nxc4 15. Bxc4) 11... O-O-O 12.
a4 Be8 13. Qb1 Rg8 (13... f6 $5 14. b4 $2 (14. exf6 gxf6 15. Bf1 Bg6 16. Qa2
Nb3 17. a5 Qb5 18. Nxb3 Qxb3) 14... cxb3 15. c4 Bg6 16. Qb2 Bc2 17. c5 Qc7 (
17... Qb4 18. exf6 gxf6 19. Bf1 Nc4 20. Nxc4 dxc4 21. Bd2) 18. exf6 gxf6 19.
Bf1) 14. b4 cxb3 15. c4 dxc4 16. Nxc4 Nxc4 17. Bxc4 Bc6 18. Re3 Bxf3 (18... Bd5
19. Rxb3 Qc7 20. Bxd5 Nxd5 $10) 19. Rxf3 Nc6 (19... Qxd4 20. Bb2 Qb6) 20. Rxf7
(20. Rxb3 Qxd4 21. Bf1 Bb4 22. Be3 Qxe5 23. Bxa7 (23. a5) 23... Bd6 24. g3 Nxa7
25. Rxb7 Qxa1 26. Qxa1 Kxb7 $17) 20... Nxd4 $2 (20... Nxe5 21. dxe5 Rd1+ 22.
Bf1 Qa6 23. h3 Qxf1+ 24. Kh2 Qd3 (24... Qc4 25. Qh7) 25. Rf3 Qxb1 26. Rxb1 b2 (
26... Ba3 27. Rfxb3 Rxc1 28. Rxc1+ Bxc1 29. Rc3+ Kb8 30. Rxc1 Rc8 31. Rd1 Rc4
32. Rd8+ Kc7 33. Rg8) 27. Rc3+ Kb8 28. Rxb2 Rxc1 29. Rxc1 Ba3 30. Rbc2 Bxc1 31.
Rxc1 Rc8 {mit etwas besserem Turmendspiel für Schwarz!}) 21. Qe4 {[#]} Nc2 22.
Be3 Nxe3 23. a5 b2 (23... Qb4 24. fxe3) 24. Rb1 Qb4 25. fxe3 Rd7 26. Rxd7 Kxd7
27. Qd3+ Ke7 28. Rd1 (28. Rd1 Kf7 29. Qf5+ Ke7 30. Qxe6#) 1-0